Nonviolent Communication: A language of life (Record no. 12977)
[ view plain ]
| 000 -LEADER | |
|---|---|
| fixed length control field | 00354nam a22001457a 4500 |
| 003 - CONTROL NUMBER IDENTIFIER | |
| control field | OSt |
| 020 ## - INTERNATIONAL STANDARD BOOK NUMBER | |
| International Standard Book Number | 9781892005281 |
| 082 ## - DEWEY DECIMAL CLASSIFICATION NUMBER | |
| Classification number | 158.6 |
| Item number | RON |
| 100 ## - MAIN ENTRY--PERSONAL NAME | |
| Personal name | ROSENBERG, Marshall B |
| 245 ## - TITLE STATEMENT | |
| Title | Nonviolent Communication: A language of life |
| 250 ## - EDITION STATEMENT | |
| Edition statement | 3rd Ed. |
| 260 ## - PUBLICATION, DISTRIBUTION, ETC. (IMPRINT) | |
| Place of publication, distribution, etc | 2015: |
| Name of publisher, distributor, etc | Puddle Dancer Press, |
| Date of publication, distribution, etc | USA. |
| 300 ## - PHYSICAL DESCRIPTION | |
| Extent | xxxv,317p. |
| 942 ## - ADDED ENTRY ELEMENTS (KOHA) | |
| Source of classification or shelving scheme | Dewey Decimal Classification |
| Koha item type | Reference Books |
| Withdrawn status | Lost status | Source of classification or shelving scheme | Damaged status | Not for loan | Collection code | Home library | Current library | Date acquired | Source of acquisition | Currency | Cost, normal purchase price | Bill Number | Total Checkouts | Full call number | Acc. no. / Barcode | Date last seen | Actual Cost, discounted price | Bill Date | Koha item type |
|---|---|---|---|---|---|---|---|---|---|---|---|---|---|---|---|---|---|---|---|
| Dewey Decimal Classification | GENERAL | PIET C-LIBRARY | PIET C-LIBRARY | 26/12/2024 | Zafaa Books and Distributors | INR | 275.00 | FAS9SB2500004084 | 158.6 RON | 38536 | 26/12/2024 | 269.00 | 18/12/2024 | Reference Books | |||||
| Dewey Decimal Classification | GENERAL | PIET C-LIBRARY | PIET C-LIBRARY | 26/12/2024 | Flipkart | INR | 275.00 | FAS9SB2500004084 | 158.6 RON | 38537 | 26/12/2024 | 269.00 | 18/12/2024 | Text Books | |||||
| Dewey Decimal Classification | GENERAL | PIET C-LIBRARY | PIET C-LIBRARY | 26/12/2024 | Flipkart | INR | 275.00 | FAS9SB2500004084 | 158.6 RON | 38538 | 26/12/2024 | 269.00 | 18/12/2024 | Text Books | |||||
| Dewey Decimal Classification | GENERAL | PIET C-LIBRARY | PIET C-LIBRARY | 26/12/2024 | Flipkart | INR | 275.00 | FAS9SB2500004084 | 158.6 RON | 38539 | 26/12/2024 | 269.00 | 18/12/2024 | Text Books |